Boletín de las leyes i decretos del gobierno: 1817-1818

Guardat en:
Dades bibliogràfiques
Autor principal: Cerda, Mateo Enrique (Autor)
Autor corporatiu: Ministerio de Justicia e Instrucción Pública (Autor)
Format: Llibre
Idioma:espanyol
Publicat: Santiago Nacional 1898
Matèries:
Etiquetes: Afegir etiqueta
Sense etiquetes, Sigues el primer a etiquetar aquest registre!

MARC

LEADER 00000nam a2200000 a 4500
001 UCR1561
003 CL-VaPUC
008 971219e18980000CL |||||||||||||||||spa|d
082 0 4 |a 348.022  |b CER  |2 21 
100 0 |a Cerda, Mateo Enrique  |e author  |9 398816 
110 2 |a Ministerio de Justicia e Instrucción Pública  |e author  |9 398817 
245 1 0 |a Boletín de las leyes i decretos del gobierno: 1817-1818 
300 |a 435 p 
942 |c BK 
945 |d 19971219 00:00:00  |a lriquelm 
260 |a Santiago  |b Nacional  |c 1898 
650 7 |a DERECHO CHILENO SIGLO 19  |2 CL-VaPUC  |9 398818 
650 0 |a Fuentes del derecho   |9 255162 
583 |a last modification  |c 20160829 10:40:46  |k Rodrigo Vera 
999 |c 264962  |d 264960 
952 |0 0  |1 0  |4 0  |6 348_022000000000000_CER_1898  |7 0  |8 DER_HDC  |9 295680  |a BIBDER  |b BIBDER  |d 2019-11-20  |i 1927973  |l 1  |o 348.022 CER 1898  |p 1927973  |r 2023-01-25  |s 2020-03-19  |w 2019-11-20  |x Ubicación 4to Piso  |y BK_X  |z Estos recursos deben solicitarse con anticipación  |k DER